000 00911nas a2200313 4500
001 BR2015007209
003 BR-BrBNA
005 20231205130002.0
007 ta
008 230509b bl.|||p| |||| 00| 00por d
040 _aBR-BrBNA
_bpor
_cBiblioteca Nacional de Agricultura
041 _a(En)
072 _aH20
100 1 _aGrabicoski, e.M.G.
100 1 _aJaccoud Filho, D. de S.
100 1 _aPileggi, M.
100 1 _aHenneberg, L.
100 1 _aPierre, M.L.
100 1 _avrisman, C.M.
100 1 _aDabul, A.N.G.
245 1 _aRapid PCR-based assay for Sclerotinia sclerotiorum detection on soybean seeds
650 _aSOJA
650 _aSEMENTE
650 _aDOENÇA FÚNGICA
650 _aMOFO BRANCO
773 0 _tScientia Agricola (Brazil)
_xISSN 0103-9016
_g(Jan-Feb 2015), v. 72(1) p. 69-74
_wBR2015007209
909 _a202311
_bLúcia
_c55
_dLúcia Elande
942 _2AGRIS
_n0
_cANA
999 _c247277
_d247277